| 000 | 00776nam a2200205 a 4500 | ||
|---|---|---|---|
| 001 | BRCA_1887 | ||
| 005 | 20190320203605.0 | ||
| 008 | 910426s1989----mx-a---##b---#000-0#spa-# | ||
| 050 | 4 |
_aF1210 _b.M49 1989 |
|
| 245 | 1 | 0 |
_aLos mexicanos pintados por sí mismos _cJuan de Dios Arias ... [et al.] ; ilustraciones Hesiquio Iriarte y Andrés Campillo ; coloreadas para esta edición por Emilio Tames. |
| 260 |
_aChimalistac, Ciudad de México _bCONDUMEX _c1989 |
||
| 300 |
_axx, 301 p. _bil. a color _c37 cm. |
||
| 504 | _aBibliografía: p. [xix]-xx | ||
| 651 | 4 |
_aMéxico _xVida social y costumbres _9769 |
|
| 653 | 0 | _aVida cotidiana | |
| 700 | 1 |
_aArias, Juan de Dios _d1828-1886 _95829 |
|
| 700 | 1 |
_aIriarte, Hesiquio _95830 |
|
| 700 | 1 |
_aCampillo, Andrés _95831 |
|
| 942 |
_2lcc _cB |
||
| 999 |
_c1663 _d1663 |
||